{"text_format":"3","workbook":"xls","n_sheets":3,"sheets":["Sheet1","Sheet2","Sheet3"],"read":"whole","date_system":"1900","formulas":"cached_only"}

{"sheet":"Sheet1","index":0,"n_rows":16,"n_cols":10,"rows_kept":16,"merged":[[0,0,0,9],[1,0,1,9],[10,1,10,5],[11,0,11,9],[12,0,12,9],[13,0,13,9],[14,0,14,9],[15,0,15,5]],"flags":["formulas_cached_only"]}
["上饶市中心城区排水防涝提升工程项目安全设施采购  \n报价函"]
["报价单位：                           （公章）"]
["序号","材料名称","规格型号","单位","暂定数量（最终结算以实际发生为准）","控制单价（元）","控制合价（元）","投标单价（元）","投标合价（元）","备注"]
[1,"安全锥","70cm","个",800,22,17600,null,null,"该单价含材料费、人工费、运输费、装卸费、利润等一切费用，以上单价含13%税金 （13%增值税专用发票） "]
[2,"锥桶连杆","国标","套",400,14,5600,null,null,"该单价含材料费、人工费、运输费、装卸费、利润等一切费用，以上单价含13%税金 （13%增值税专用发票） "]
[3,"安全标识牌","国标","块",30,155,4650,null,null,"该单价含材料费、人工费、运输费、装卸费、利润等一切费用，以上单价含13%税金 （13%增值税专用发票） "]
[4,"安全水桶","国标","个",30,158,4740,null,null,"该单价含材料费、人工费、运输费、装卸费、利润等一切费用，以上单价含13%税金 （13%增值税专用发票） "]
[5,"爆闪灯","国标","个",20,280,5600,null,null,"该单价含材料费、人工费、运输费、装卸费、利润等一切费用，以上单价含13%税金 （13%增值税专用发票） "]
[6,"安全帽","国标（带logo）","个",50,48,2400,null,null,"该单价含材料费、人工费、运输费、装卸费、利润等一切费用，以上单价含13%税金 （13%增值税专用发票） "]
[7,"反光衣","国标（带logo）","件",50,32,1600,null,null,"该单价含材料费、人工费、运输费、装卸费、利润等一切费用，以上单价含13%税金 （13%增值税专用发票） "]
[null,"合计（大写）:",{"$nulls":4},42190]
["备注：1、本项目采用费用包干方式，即以上报价包括材料费、人工费、运输费、装卸费、税金、利润等一切费用，采购方不再支付其他费用。"]
["2、我公司提供税率为 13% , 税 名 为 *          的增值税专用发票。"]
["3、 本合同数量为暂定数量，单价为固定价，最终结算按甲方实际确认的数量及总价为准。"]
["4、支付方式：    甲方收到货，并验收合格后付款。              "]
[{"$nulls":9},"日期：     年     月    日"]

{"sheet":"Sheet2","index":1,"n_rows":0,"n_cols":0,"rows_kept":0,"merged":[[2,12,17,12]],"flags":["formulas_cached_only"]}

{"sheet":"Sheet3","index":2,"n_rows":0,"n_cols":0,"rows_kept":0,"flags":["formulas_cached_only"]}